000 nam a22 7a 4500
999 _c29630
_d29630
008 180427b xxu||||| |||| 00| 0 eng d
020 _a9780077765521
050 _aKF 889 .B76 2013
100 _aBrown, Gordon W.
245 _aBusiness Law :
_bcustom edition for mesa community college/
_cGordon W. Brown and Paul A. Sukys.
260 _aBoston :
_bMcGraw Hill,
_c2013.
300 _axxii, 963p. :
_bill. ;
_c26cm.
500 _aInclude index
650 _2Commercial law.
650 _aUnited states.
700 _aSukys, Paul A.
942 _2lcc
_cBOOKS
_hKF 889 .B76 2013